Servette fc : effectif 2023/24 - Statistiques

Statistiques générales
  • Ce quiz a été pris 73 fois
  • Le résultat moyen est 19 sur 30
Statistiques - réponses
Hint Réponse % Correct
Gardien Chypre Mall
100%
Gardien Suisse Frick
98%
Défenseur Central Suisse Rouiller
96%
Défenseur Central France Severin
96%
Défenseur Droit Japon Tsunemoto
91%
Attaquant France Crivelli
88%
Défenseur Droit Suisse Magnin
88%
Défenseur Gauche Guadeloupe Baron
84%
Milieu Central France Cognat
84%
Ailier Gauche Suisse Kutesa
84%
Défenseur Gauche Congo Mazikou
84%
Milieu Défensif Cameroun Ondoua
80%
Ailier Droit Bosnie-Herzégovine Stevanovic
80%
Milieu Offensif Suisse Antunes
79%
Attaquant Côte d'Ivoire Bedia
79%
Milieu Offensif Hongrie Bolla
73%
Attaquant Suisse Guillemenot
71%
Défenseur Central Tunisie Bronn
70%
Attaquant Japon Nishimura
63%
Milieu Défensif France Douline
55%
Ailier Gauche Allemagne Pflücke
52%
Entraineur Suisse Weiler
38%
Ailier Droit Algérie Touati
36%
Ailier Droit Suisse Ouattara
32%
Ailier Gauche France Fofana
29%
Défenseur Central Suisse Vouilloz
29%
Attaquant France Rodelin
27%
Défenseur Central Cameroun Onguéné
23%
Milieu Défensif Sénégal Samba Diba
21%
Défenseur Droit Suisse Kaloga
9%
Aucun quiz correspondant
Distribution des résultats
% des personnes avec chaque résultat
Percentile par nombre de réponses
Votre historique - résultats
Vous n’avez pas pris ce quiz